تقرير مناخ الاستثمار فى الدول العربية لعام 1990 /
في إطار حركة التطوير والتجديد المستمرة للأهرام الإقتصادي نقدم للقارئ كتاب متميز في إطار الإقتصاد المحلي إلى آفاق أوسع وأشمل. فبأسلوب علمي وتحليل عميق وموضوعي نلقي الضوء على الأوضاع الاقتصادية والاستثمارية في الوطن العربي كله....
Saved in:
| 主要作者: | |
|---|---|
| 企业作者: | |
| 格式: | 图书 |
| 语言: | 阿拉伯语 |
| 出版: |
الكويت
المؤسسة العربية لضمان الاستثمار،
1990
|
| 丛编: | كتاب الاهرام الاقتصادى ؛
125. |
| 主题: | |
| 标签: |
添加标签
没有标签, 成为第一个标记此记录!
|
MARC
| LEADER | 00000nam a2200000ua 4500 | ||
|---|---|---|---|
| 003 | INP | ||
| 005 | 20251020090354.0 | ||
| 008 | 130102s1990 KU a fr 000 0 ara d | ||
| 040 | |a EG-INP |c EG-INP |b ara | ||
| 082 | 0 | 4 | |a 332.60917 |b ت ق |2 21 |
| 100 | |a المؤسسة العربية لضمان الاستثمار | ||
| 245 | 1 | 0 | |a تقرير مناخ الاستثمار فى الدول العربية لعام 1990 / |c المؤسسة العربية لضمان الاستثمار |
| 260 | |a الكويت |b المؤسسة العربية لضمان الاستثمار، |c 1990 | ||
| 300 | |a 464 ص. : |b ايض. ؛ |c 24 سم. | ||
| 490 | |a كتاب الاهرام الاقتصادى ؛ |v 125. | ||
| 520 | |a في إطار حركة التطوير والتجديد المستمرة للأهرام الإقتصادي نقدم للقارئ كتاب متميز في إطار الإقتصاد المحلي إلى آفاق أوسع وأشمل. فبأسلوب علمي وتحليل عميق وموضوعي نلقي الضوء على الأوضاع الاقتصادية والاستثمارية في الوطن العربي كله. | ||
| 650 | 7 | |a الإستثمار |z الدول العربية. |2 qrmak | |
| 650 | 7 | |a الأحوال السياسية. |2 qrmak | |
| 650 | 7 | |a السياسة الاقتصادية. |2 qrmak | |
| 710 | 2 | |a الكويت. |b المؤسسة العربية لضمان الاستثمار. | |
| 901 | |a EGPV | ||
| 902 | |a EGPV31 | ||
| 903 | |a copycat | ||
| 942 | |c BK |2 ddc | ||
| 952 | |0 0 |1 0 |4 0 |6 332_609170000000000_ت_ق |7 0 |9 25022 |a INP |b INP |c MAIN |d 2025-10-20 |l 0 |o 332.60917 ت ق |p 026234 |r 2025-10-20 00:00:00 |w 2025-10-20 |y BK | ||
| 999 | |c 19847 |d 19847 | ||